000 00678nam a2200193 i 4500
001 93778
003 ES-MaACL
007 t|
008 050420s1984 sp ||||1| spa d
020 _a84-86130-41-9
100 1 _aLópez Frias, Francisco.
_973648
245 1 0 _aEtica y política
_b: en torno al pensamiento de J. Ortega y Gasset /
_cFrancisco López Frias.
260 _aBarcelona :
_bPromociones Publicaciones Universitarias,
_c1984.
300 _aXXXVI, 368 p. ;
_c21 cm.
490 1 _aBiblioteca universitaria de filosofía ;
_v4
830 0 _aBiblioteca universitaria de filosofía ;
_v4
_9184309
852 _aES-MaACL
_jL-8607
_bR.108669
999 _c93778
_d93778